000 01027nam a22002417a 4500
010 _aA-981064
020 _a8186583203
_c120.00
035 _aA-981064
037 _aCen Lib / Ret
040 _aDPL
_bPN
082 _a920
_bਸਵਰ
100 _aਸਵਰਨ ਸਿੰਘ
_9133398
245 _aਆਜ਼ਾਦੀ ਦੀ ਸੁਚੇ ਵਣਜਾਰੇ /
_cਸਵਾਰਨ ਸਿੰਘ
246 _aAazadi di suche vanjare : (pen portraits of freedom fighters) /
_bby Swarn Singh
260 _aਨਵੀ ਦਿੱਲੀ
_bਵੈੱਲਵਿਸ਼ ਪਬਲਿਸ਼ਰਜ਼
_c1998
270 _aਪੀ ਪੀ 5 ਮੌਰੀਆ ਔਨਕਲੈਵ ਪੀਤਮ ਪੂਰਾ
_bਨਵੀ ਦਿੱਲੀ
_e110034
300 _a111p ;
_b24cm
650 _aਪੰਜਾਬ (ਭਾਰਤ) - ਜੀਵਨੀ
_92437
650 _aPunjab (India) -- Biography.
_9133399
650 _aਭਾਰਤ - ਪੰਜਾਬ
_934
650 _aIndia -- Punjab.
_9133400
942 _2ddc
_cPN
_h920
_mਸਵਰ
999 _c111111
_d111111